Management design managing people and organizations in turbulent times

Salvato in:
Dettagli Bibliografici
Autore principale: Michel, Lukas
Natura: Libro
Lingua:inglese
Pubblicazione: London LID Publishing 2015
Soggetti:
Tags: Aggiungi Tag
Nessun Tag, puoi essere il primo ad aggiungerne!!

MARC

LEADER 00000nam a2200000 4500
001 0223930
005 20240312115824.9
020 |a 978-1-907794-66-7 
041 0 |a eng 
044 |a GB 
245 1 0 |a Management design  |b managing people and organizations in turbulent times  |c Lukas Michel 
264 1 |a London  |b LID Publishing  |c 2015 
300 |a 280 s. 
610 2 0 |a manažment 
610 2 0 |a vodcovstvo 
610 2 0 |a vízie 
610 2 0 |a manažéri 
610 2 0 |a lídri 
610 2 0 |a manažment personálny 
610 2 0 |a riadenie ľudských zdrojov 
610 2 0 |a dizajn 
610 2 0 |a inovácia 
100 1 |a Michel, Lukas